000 01013nam a22003137a 4500
003 CHAP
005 20220329135121.0
008 971013s r 00010 d
010 _a31186
011 _a32158
035 _a36271
040 _cCHAP
090 _aFolleto 1844
100 0 0 _aCoursey, D. G.
_928649
245 _aStorage and conservation of perishable tropical agricultural products
260 _a(s.l.) :
_b(s.e.),
_c(s.a.)
300 _a10 h.
590 _aBATCH-UPD
_b10
_c20130110
_lUCH01
_h1035
590 _aBATCH-UPD
_b10
_c20130410
_lUCH01
_h0637
590 _aBATCH-UPD
_b10
_c20130913
_lUCH01
_h2354
590 _aCONVERSION
_b10
_c20130109
_lUCH01
_h1318
650 1 4 _aAgricultura
_xTrópicos.
_91888
650 1 4 _aProductos agrícolas
_xAlmacenamiento.
_991897
650 1 4 _aProductos agrícolas
_xConservación.
_991923
901 _aBK
942 _cFOLL
949 _aFolleto 1844
_bBC
_cFOLL
_d-83684
_eTS1
_i36271
_mD
_si
949 _aFolleto 1844
_bBC
_cFOLL
_d-83686
_eTS2
_fc.2
_i36271
_mD
_si
999 _c31186
_d31186